[Event "13th Asian Continental 2014"]
[Site "Sharjah UAE"]
[Date "2014.04.24"]
[Round "8.29"]
[White "Najjar, Ahmad"]
[Black "Shehab, Ibrahim"]
[Result "1-0"]
[WhiteTitle "FM"]
[WhiteElo "2261"]
[BlackElo "2082"]
[WhiteFideId "5300100"]
[BlackFideId "10300082"]
[EventDate "2014.04.17"]

1. d4 Nf6 2. Nf3 e6 3. Bf4 d5 4. e3 c5 5. c3 Nc6 6. Bd3 Be7 7. Nbd2 a6 8. O-O
Nh5 9. Be5 Nxe5 10. Nxe5 Nf6 11. f4 Qc7 12. Rc1 c4 13. Bb1 b5 14. g4 g6 15. Rf2
Nd7 16. Qf3 Nxe5 17. fxe5 Bh4 18. Rg2 Be7 19. Rf1 Rf8 20. Qh3 Bg5 21. Re2 h6 22.
Qg3 Bb7 23. h4 Bd8 24. Ref2 Be7 25. Rxf7 O-O-O 26. Bxg6 Rxf7 27. Rxf7 Rg8 28. h5
Qd8 29. Nf3 Bc6 30. Rh7 Rf8 31. Kg2 b4 32. Rxh6 bxc3 33. bxc3 Qa5 34. Rh7 Bd8
35. Rf7 Rg8 36. Qe1 Qxa2+ 37. Kg3 Be8 38. e4 Bxf7 39. Bxf7 Rf8 40. Bxe6+ Kb8 41.
exd5 Qb2 42. Bf5 Ka7 43. d6 Qb6 44. d5 Qc5 45. Qf2 Bb6 46. Qxc5 Bxc5 47. Ng5 Be3
48. Ne4 a5 49. d7 a4 50. Nd6 a3 51. Nb5+ Kb6 52. Nxa3 Kc5 53. Kf3 Bg5 54. Ke4
Ra8 55. Nc2 Ra2 56. Nd4 Kb6 57. d6 Ra1 58. Nf3 Bd8 59. e6 Ra2 60. e7 Ra8 1-0

[Event "13th Asian Continental 2014"]
[Site "Sharjah UAE"]
[Date "2014.04.25"]
[Round "9.1"]
[White "Adhiban, Baskaran"]
[Black "Yu, Yangyi"]
[Result "1/2-1/2"]
[WhiteTitle "GM"]
[BlackTitle "GM"]
[WhiteElo "2609"]
[BlackElo "2667"]
[WhiteFideId "5018471"]
[BlackFideId "8603820"]
[EventDate "2014.04.17"]

1. e4 c5 2. Nf3 e6 3. d4 cxd4 4. Nxd4 Nc6 5. Nc3 Qc7 6. Be3 a6 7. Be2 b5 8. Nxc6
Qxc6 9. Bf3 Bb7 10. O-O Qc7 11. Re1 Bd6 12. g3 Ne7 13. Qd2 Rd8 14. Rad1 Be5 15.
Bg2 Bxc3 16. bxc3 d5 17. Bf4 Qc8 18. e5 Rd7 19. h4 Rc7 20. Bg5 h6 21. Bxe7 Kxe7
22. Re3 Rd8 23. Qd3 d4 24. cxd4 Bxg2 25. Kxg2 Rxc2 26. Qh7 Qc6+ 27. Rf3 Rc3 28.
Rd3 Rxd3 29. Qxd3 g6 30. Qe3 Rd7 31. Qxh6 Kd8 32. Qf8+ Kc7 33. g4 Qe4 1/2-1/2

[Event "13th Asian Continental 2014"]
[Site "Sharjah UAE"]
[Date "2014.04.25"]
[Round "9.4"]
[White "Bu, Xiangzhi"]
[Black "Sethuraman, S.P."]
[Result "1/2-1/2"]
[WhiteTitle "GM"]
[BlackTitle "GM"]
[WhiteElo "2699"]
[BlackElo "2576"]
[WhiteFideId "8601445"]
[BlackFideId "5021596"]
[EventDate "2014.04.17"]

1. Nf3 Nf6 2. c4 b6 3. g3 c5 4. Bg2 Bb7 5. O-O g6 6. Nc3 Bg7 7. d4 cxd4 8. Qxd4
d6 9. Rd1 Nbd7 10. Be3 Rc8 11. Rac1 O-O 12. Qh4 a6 13. b3 Re8 14. Bh3 Ba8 15. g4
b5 16. g5 Nh5 17. c5 Rc7 18. b4 dxc5 19. bxc5 e6 20. Ne4 Qe7 21. Nd6 Rd8 22. Bg4
Nxc5 23. Bxc5 Nf4 24. Ne1 Rxc5 25. Rxc5 Bb7 26. Nc8 Rxc8 27. Rxc8+ Bxc8 28. e3
Nd5 29. Rxd5 exd5 30. Bxc8 Qc7 31. Bxa6 Qc6 32. Bxb5 Qxb5 33. Nf3 Qb1+ 34. Kg2
Qxa2 35. Qb4 Qa8 36. Qd6 h6 37. Qd7 h5 38. h3 Bh8 39. Kg1 Bg7 40. h4 d4 41. Nxd4
Qe4 42. Qc8+ Kh7 43. Qd7 Kg8 44. Qc8+ Kh7 45. Qd7 Kg8 1/2-1/2

[Event "13th Asian Continental 2014"]
[Site "Sharjah UAE"]
[Date "2014.04.25"]
[Round "9.6"]
[White "Nguyen, Ngoc Truong Son"]
[Black "Vaibhav, Suri"]
[Result "1-0"]
[WhiteTitle "GM"]
[BlackTitle "GM"]
[WhiteElo "2621"]
[BlackElo "2530"]
[WhiteFideId "12401110"]
[BlackFideId "5045185"]
[EventDate "2014.04.17"]

1. d4 Nf6 2. c4 e6 3. Nc3 Bb4 4. Qc2 c5 5. dxc5 O-O 6. Nf3 Na6 7. g3 Nxc5 8. Bg2
Nce4 9. O-O Nxc3 10. bxc3 Be7 11. e4 d6 12. e5 dxe5 13. Nxe5 Qc7 14. Qe2 Bd6 15.
Bf4 Ne8 16. c5 Qxc5 17. c4 f6 18. Nd3 Qc7 19. Rfd1 e5 20. c5 exf4 21. cxd6 Nxd6
22. Rac1 Qa5 23. Nxf4 Nf7 24. Bd5 Bf5 25. Qe7 Bg4 26. f3 Qb6+ 27. Kh1 Bf5 28.
Rc7 1-0

[Event "13th Asian Continental 2014"]
[Site "Sharjah UAE"]
[Date "2014.04.25"]
[Round "9.7"]
[White "Ghaem Maghami, Ehsan"]
[Black "Jumabayev, Rinat"]
[Result "1/2-1/2"]
[WhiteTitle "GM"]
[BlackTitle "GM"]
[WhiteElo "2556"]
[BlackElo "2580"]
[WhiteFideId "12500739"]
[BlackFideId "13702661"]
[EventDate "2014.04.17"]

1. c4 c5 2. Nf3 Nc6 3. d4 cxd4 4. Nxd4 Nf6 5. Nc3 e6 6. Bg5 Be7 7. e3 Qa5 8. Nb5
O-O 9. a3 d5 10. cxd5 Nxd5 11. Bxe7 Ncxe7 12. Qd2 Bd7 13. Nxd5 Qxd2+ 14. Kxd2
Nxd5 15. Bd3 Rfd8 16. Ke2 Bc6 17. f3 a6 18. Nd4 Nf4+ 19. exf4 Rxd4 20. Ke3 Rad8
21. Rhd1 Kf8 22. Bc2 R4d5 23. Rxd5 Bxd5 24. Bd3 Rc8 25. f5 Ke7 26. fxe6 Bxe6 27.
b4 h6 28. h4 Rc7 29. Kd4 Rd7+ 30. Ke3 Rc7 31. Kd4 Rd7+ 32. Ke4 1/2-1/2

[Event "13th Asian Continental 2014"]
[Site "Sharjah UAE"]
[Date "2014.04.25"]
[Round "9.9"]
[White "Al-Sayed, Mohammed"]
[Black "Ganguly, Surya Shekhar"]
[Result "1/2-1/2"]
[WhiteTitle "GM"]
[BlackTitle "GM"]
[WhiteElo "2502"]
[BlackElo "2631"]
[WhiteFideId "12100196"]
[BlackFideId "5002150"]
[EventDate "2014.04.17"]

1. d4 Nf6 2. Nf3 g6 3. Nbd2 Bg7 4. e4 d6 5. Bc4 O-O 6. e5 Nh5 7. O-O Nc6 8. Qe2
Na5 9. Qe3 dxe5 10. dxe5 Nxc4 11. Nxc4 Qd5 12. Ncd2 h6 13. b3 g5 14. Bb2 Nf4 15.
h4 Bf5 16. g3 Ne6 17. hxg5 hxg5 18. c4 Qc6 19. Rfe1 Rad8 20. Ne4 Bh6 21. Nd4
Nxd4 22. Bxd4 b6 23. f3 Qe6 24. g4 Bxg4 25. fxg4 Qxg4+ 26. Kh2 Qh4+ 27. Kg2 Qg4+
28. Kh2 Qh5+ 29. Kg1 Qg4+ 30. Kh2 Qh4+ 31. Kg2 Qg4+ 1/2-1/2

[Event "13th Asian Continental 2014"]
[Site "Sharjah UAE"]
[Date "2014.04.25"]
[Round "9.10"]
[White "Wang, Chen"]
[Black "Gupta, Abhijeet"]
[Result "1-0"]
[WhiteTitle "IM"]
[BlackTitle "GM"]
[WhiteElo "2513"]
[BlackElo "2630"]
[WhiteFideId "8601020"]
[BlackFideId "5010608"]
[EventDate "2014.04.17"]

1. e4 c5 2. Nc3 d6 3. f4 g6 4. Nf3 Bg7 5. Bb5+ Bd7 6. Bc4 Nc6 7. O-O Na5 8. Be2
Nf6 9. d3 O-O 10. Qe1 Nc6 11. Qh4 Nd4 12. Bd1 Rc8 13. Kh1 e6 14. Be3 d5 15. Ne5
Bc6 16. Nxc6 Rxc6 17. Qf2 dxe4 18. dxe4 Nd7 19. e5 f6 20. exf6 Nxf6 21. Bf3 Nd5
22. Nxd5 exd5 23. Bxd4 Bxd4 24. Qd2 Rd6 25. Rad1 Kh8 26. g3 b5 27. b4 Qf6 28.
Qd3 a6 29. bxc5 Bxc5 30. Bxd5 Rfd8 31. Qf3 b4 32. Rd3 a5 33. Rfd1 a4 34. Qe4
R6d7 35. Qc4 Bf8 36. Kg2 Qb6 37. Be4 Rxd3 38. Rxd3 Rxd3 39. Bxd3 Kg7 40. h4 Qe3
41. Qd5 Bc5 42. Kh3 Qg1 43. h5 Bf2 44. Qe5+ Kh6 45. Qg5+ Kg7 46. Qe7+ Kh6 47.
Qf8+ 1-0

[Event "13th Asian Continental 2014"]
[Site "Sharjah UAE"]
[Date "2014.04.25"]
[Round "9.11"]
[White "Nguyen, Duc Hoa"]
[Black "Vidit, Santosh Gujrathi"]
[Result "0-1"]
[WhiteTitle "IM"]
[BlackTitle "GM"]
[WhiteElo "2508"]
[BlackElo "2610"]
[WhiteFideId "12401358"]
[BlackFideId "5029465"]
[EventDate "2014.04.17"]

1. d4 Nf6 2. c4 e6 3. Nf3 d5 4. Nc3 dxc4 5. e4 Bb4 6. Bxc4 Nxe4 7. O-O Nxc3 8.
bxc3 Be7 9. Ne5 O-O 10. Qg4 Nc6 11. Bf4 Nxe5 12. dxe5 f5 13. exf6 Bxf6 14. Rad1
Qe7 15. Rd3 Kh8 16. Re1 e5 17. Qh5 g6 18. Qe2 exf4 19. Qxe7 Bxe7 20. Rxe7 Bf5
21. Rd4 Rae8 22. Rxc7 Re1+ 23. Bf1 f3 24. g4 Be6 25. Re7 Rf7 26. Re8+ Kg7 27. c4
Rc7 28. Rf4 Rd7 29. Rxf3 Rdd1 30. Re7+ Kh6 31. Rh3+ Kg5 32. Kg2 Bxg4 33. f4+ Kf6
34. Rhe3 Rxf1 35. Kg3 Rd7 36. Re8 Bf5 0-1

[Event "13th Asian Continental 2014"]
[Site "Sharjah UAE"]
[Date "2014.04.25"]
[Round "9.12"]
[White "Gundavaa, Bayarsaikhan"]
[Black "Lalith, Babu M.R."]
[Result "1-0"]
[WhiteTitle "GM"]
[BlackTitle "GM"]
[WhiteElo "2507"]
[BlackElo "2594"]
[WhiteFideId "4901045"]
[BlackFideId "5024595"]
[EventDate "2014.04.17"]

1. d4 Nf6 2. c4 e6 3. Nc3 Bb4 4. Qc2 d5 5. a3 Bxc3+ 6. Qxc3 O-O 7. Nf3 b6 8. e3
Ba6 9. b3 Qc8 10. Bb2 Nbd7 11. Bd3 c5 12. O-O Qb7 13. Rfd1 Rac8 14. cxd5 Bxd3
15. dxe6 Be2 16. exd7 Nxd7 17. d5 f6 18. Nh4 Bxd1 19. Rxd1 Ne5 20. f4 Nf7 21.
Nf5 Qd7 22. e4 Rfe8 23. Nxg7 Qg4 24. Rd3 Rxe4 25. Ne6 Ng5 26. Nxg5 Rd4 27. Ne6
Rxd3 28. Qxd3 1-0

[Event "13th Asian Continental 2014"]
[Site "Sharjah UAE"]
[Date "2014.04.25"]
[Round "9.13"]
[White "Gopal, G.N."]
[Black "Chu, Wei Chao"]
[Result "1/2-1/2"]
[WhiteTitle "GM"]
[WhiteElo "2553"]
[BlackElo "2315"]
[WhiteFideId "5015693"]
[BlackFideId "8605661"]
[EventDate "2014.04.17"]

1. e4 c5 2. Nf3 d6 3. d4 cxd4 4. Nxd4 Nf6 5. Nc3 a6 6. Be3 e5 7. Nf3 Be7 8. Bc4
O-O 9. O-O Be6 10. Bb3 Nc6 11. Qd3 Rc8 12. Bg5 Nd7 13. Bxe7 Qxe7 14. Rad1 Nc5
15. Qxd6 Qxd6 16. Rxd6 Nxb3 17. axb3 Rfd8 18. Rfd1 Rxd6 19. Rxd6 Kf8 20. Rd2 f6
21. Ne1 g5 22. f3 h5 23. Kf2 h4 24. Nd1 a5 25. Ne3 Kf7 26. Nd3 b6 27. Nc1 Ke7
28. Ne2 Kf7 29. Nc3 Nd4 30. Ne2 Nc6 31. Nc3 Nd4 32. Ncd5 Bxd5 33. exd5 Ke7 34.
Rd1 Kd7 35. g3 Nxc2 36. Nc4 hxg3+ 37. hxg3 Rh8 38. Nxb6+ Kc7 39. Nc4 Nd4 40. Kg2
Nxb3 41. Rd3 Rb8 42. f4 Nc5 43. Rc3 exf4 44. gxf4 gxf4 45. Kf3 Rb4 46. Nxa5 Kd6
47. Rc4 Rxc4 48. Nxc4+ Kxd5 49. Nb6+ Ke5 50. Nc4+ Kd4 51. Nb6 Ne6 52. Nd7 f5 53.
Nf8 Nxf8 54. Kxf4 1/2-1/2

[Event "13th Asian Continental 2014"]
[Site "Sharjah UAE"]
[Date "2014.04.25"]
[Round "9.14"]
[White "Nezad, Husein Aziz"]
[Black "Sengupta, Deep"]
[Result "0-1"]
[WhiteTitle "IM"]
[BlackTitle "GM"]
[WhiteElo "2366"]
[BlackElo "2531"]
[WhiteFideId "12100293"]
[BlackFideId "5008352"]
[EventDate "2014.04.17"]

1. c4 Nf6 2. d4 e6 3. Nf3 d5 4. Nc3 c5 5. cxd5 Nxd5 6. e4 Nxc3 7. bxc3 cxd4 8.
cxd4 Bb4+ 9. Bd2 Bxd2+ 10. Qxd2 O-O 11. Bc4 b6 12. O-O Bb7 13. Rfe1 Nd7 14. Rad1
Rc8 15. Bd3 Qe7 16. h4 Rfd8 17. Bb1 h6 18. d5 exd5 19. exd5 Qf6 20. Re4 Rc5 21.
Rd4 Qd6 22. Bc2 Nf6 23. Bb3 Bc8 24. Nh2 Bf5 25. Re1 a5 26. Nf1 Bg6 27. Nh2 Rdc8
28. Ng4 Nxg4 29. Rxg4 Rc3 30. Re8+ Rxe8 31. Qxc3 h5 32. Rg5 b5 33. Bc2 b4 34.
Qa1 Re2 35. Bd3 Rd2 36. Bxg6 fxg6 37. Qb1 Qf6 38. Qe4 Qxf2+ 39. Kh2 Re2 40. Qc4
Re1 41. d6+ Kh7 0-1

[Event "13th Asian Continental 2014"]
[Site "Sharjah UAE"]
[Date "2014.04.25"]
[Round "9.15"]
[White "Batchuluun, Tsegmed"]
[Black "Pourramezanali, Amirreza"]
[Result "1/2-1/2"]
[WhiteTitle "GM"]
[BlackTitle "FM"]
[WhiteElo "2521"]
[BlackElo "2435"]
[WhiteFideId "4900847"]
[BlackFideId "12511412"]
[EventDate "2014.04.17"]

1. d4 d5 2. c4 c6 3. Nf3 Nf6 4. Nc3 e6 5. Bg5 dxc4 6. e4 b5 7. e5 h6 8. Bh4 g5
9. Nxg5 hxg5 10. Bxg5 Nbd7 11. exf6 Bb7 12. g3 c5 13. d5 Nxf6 14. Bg2 Bh6 15.
Bxf6 Qxf6 16. Ne4 Qe5 17. dxe6 Rd8 18. exf7+ Ke7 19. Qe2 Rd4 20. O-O Bxe4 21.
Rae1 Bd2 22. Qxe4 Qxe4 23. Rxe4+ Kxf7 24. Re5 Rc8 25. f4 b4 26. Bh3 Rc6 27. Rf2
c3 28. bxc3 bxc3 29. Bf5 c4 30. Bc2 Re6 31. Rfe2 Rxe5 32. Rxe5 Rd7 33. Re4 Rb7
34. Rxc4 Rb2 35. Bb3 Kf6 36. Rc6+ Kf5 37. Kf2 Bxf4+ 38. Kf3 Bd2 39. Rc5+ Kf6 40.
h4 Be1 41. Rc6+ Kg7 42. Rc7+ Kh6 43. Bd5 Rf2+ 44. Ke3 Rf8 45. Be4 Kh5 46. Rg7 a5
47. a4 Bd2+ 48. Kd3 Rd8+ 49. Kc2 Rd4 50. Bf5 Rd6 51. Rh7+ Bh6 52. Kxc3 Rc6+ 53.
Kb2 Rb6+ 54. Ka1 Rf6 55. Bc8 Rf1+ 56. Kb2 Rf2+ 57. Kb1 Rf1+ 58. Kb2 Rf2+ 59. Kb3
Rf3+ 60. Kc4 Rxg3 61. Kb5 Rg7 62. Rh8 Rg6 63. Kxa5 Kxh4 64. Kb5 Kg3 65. a5 Be3
66. a6 Rb6+ 67. Kc4 Rb1 68. Rf8 Ra1 69. Kd5 Ba7 70. Rf7 Be3 71. Ke4 Bb6 72. Kd5
Be3 73. Kc6 Rc1+ 74. Kb7 Rb1+ 75. Kc7 Rc1+ 76. Kb8 Ra1 77. Bb7 Bb6 78. Rf3+ Kg4
79. Rb3 Bg1 80. Bc8+ Kf4 81. Kb7 Ke5 82. Bd7 Kd6 83. Bb5 Ke5 84. Rb4 Kd6 85. Kb8
Bc5 86. Rb3 Bg1 87. Kb7 Bf2 88. Rd3+ Ke5 89. Rf3 Bg1 90. Rg3 Bf2 91. Rg4 Bd4 92.
Rg2 Be3 93. Re2 Kf4 94. Bc4 Rb1+ 95. Ka8 Rc1 96. Bd5 Rc5 97. Bg2 Ra5 98. Kb7
Rb5+ 99. Kc7 Ra5 100. Bb7 Ra3 101. Rc2 Ke5 102. Rc4 Ba7 103. Bc8 Ra1 104. Kb7
Bg1 105. Bd7 Ra5 106. Rg4 Be3 107. Bc6 Kd6 108. Rg3 Bf2 109. Rg6+ Ke7 110. Rg2
Bd4 111. Rd2 Bg1 112. Rd1 Bf2 113. Rb1 Kd6 114. Rb4 Bg1 115. Rb3 Bf2 116. Bb5 1/2-1/2

[Event "13th Asian Continental 2014"]
[Site "Sharjah UAE"]
[Date "2014.04.25"]
[Round "9.16"]
[White "Rahman, Ziaur"]
[Black "Al-Hadarani, Hatim"]
[Result "1-0"]
[WhiteTitle "GM"]
[BlackTitle "FM"]
[WhiteElo "2513"]
[BlackElo "2249"]
[WhiteFideId "10200037"]
[BlackFideId "9400273"]
[EventDate "2014.04.17"]

1. Nf3 Nf6 2. c4 g6 3. Nc3 Bg7 4. e4 d6 5. d4 O-O 6. Be2 e5 7. O-O exd4 8. Nxd4
Re8 9. f3 Nc6 10. Be3 Nxd4 11. Bxd4 Be6 12. Qd2 c6 13. Rfd1 Qc7 14. Bf1 Rad8 15.
Rac1 b6 16. Nd5 Bxd5 17. cxd5 c5 18. Bf2 Rb8 19. Bb5 Nd7 20. b4 Rf8 21. Re1 Rbe8
22. a4 Re7 23. Bh4 f6 24. Bg3 Ne5 25. Bf2 Qd8 26. h3 Nf7 27. Rb1 Bh6 28. Qc3 Bf4
29. Bf1 Be5 30. Qd2 g5 31. g3 Kh8 32. f4 gxf4 33. gxf4 Rg8+ 34. Kh1 Bd4 35. Bxd4
cxd4 36. Qxd4 Rg6 37. Be2 Rh6 38. Bg4 Qg8 39. Rg1 Qg6 40. Rbe1 Rh4 41. Qf2 Qh6
42. Qg3 Re8 43. Be6 f5 44. Kh2 Qxf4 45. Qxf4 Rxf4 46. Bxf7 Rf8 47. exf5 Rf2+ 48.
Kh1 Rxf5 49. Be6 Rf4 50. Rg4 h5 51. Rg5 Rxb4 52. Rxh5+ 1-0

[Event "13th Asian Continental 2014"]
[Site "Sharjah UAE"]
[Date "2014.04.25"]
[Round "9.17"]
[White "Idani, Pouya"]
[Black "Wang, Yiye"]
[Result "1/2-1/2"]
[WhiteTitle "IM"]
[WhiteElo "2502"]
[BlackElo "2415"]
[WhiteFideId "12510130"]
[BlackFideId "8606021"]
[EventDate "2014.04.17"]

1. e4 e6 2. d4 d5 3. Nd2 Nf6 4. e5 Nfd7 5. Bd3 c5 6. c3 b6 7. Ne2 Ba6 8. Bb1 Nc6
9. Nf3 Be7 10. O-O h6 11. Re1 g5 12. Be3 h5 13. Qa4 Bb7 14. Nd2 a6 15. f4 b5 16.
Qd1 cxd4 17. cxd4 Qb6 18. Bf2 gxf4 19. Nxf4 h4 20. Nf3 O-O-O 21. Bd3 Rhg8 22. h3
Kb8 23. a4 Rc8 24. axb5 axb5 25. Bf1 Nb4 26. Re2 Rc4 27. Rd2 Rc7 28. Nd3 Nxd3
29. Rxd3 b4 30. Rd2 f6 31. exf6 Nxf6 32. Bxh4 Ne4 33. Bxe7 Rxe7 34. Ra4 e5 35.
Rd3 exd4 36. Rxd4 Qh6 37. Rd3 Qb6+ 38. Rd4 Qh6 39. Rd3 Qb6+ 40. Rd4 Qh6 41. Qb3
Qxh3 42. Rdxb4 Qg3 43. Qe3 Qh3 44. Qb3 Rh7 45. Rxb7+ Rxb7 46. Qxd5 1/2-1/2

[Event "13th Asian Continental 2014"]
[Site "Sharjah UAE"]
[Date "2014.04.25"]
[Round "9.18"]
[White "Vakhidov, Jahongir"]
[Black "Dao, Thien Hai"]
[Result "1-0"]
[WhiteTitle "IM"]
[BlackTitle "GM"]
[WhiteElo "2472"]
[BlackElo "2490"]
[WhiteFideId "14201801"]
[BlackFideId "12400084"]
[EventDate "2014.04.17"]

1. d4 d5 2. c4 c6 3. Nc3 Nf6 4. cxd5 cxd5 5. Bf4 Nc6 6. e3 a6 7. Be2 Bf5 8. Nf3
e6 9. Qb3 Ra7 10. Ne5 Nxe5 11. Bxe5 Nd7 12. Bg3 Be7 13. a4 h5 14. h3 Nb8 15.
Bxb8 Qxb8 16. a5 Qd8 17. Qa4+ Kf8 18. Kd2 b5 19. axb6 Qxb6 20. Ra2 Bb4 21. Bd3
Bxd3 22. Kxd3 a5 23. Qb5 Qd6 24. Rc1 g6 25. Na4 Kg7 26. Qb6 Qe7 27. Ke2 Rb7 28.
Qa6 Rhb8 29. Raa1 Ra7 30. Qd3 Rc7 31. Rc2 Rbc8 32. Rac1 Qd6 33. f4 h4 34. Kd1
Qe7 35. Rxc7 Rxc7 36. Rc2 Qd7 37. Nc5 Qd6 38. Qb5 Rc6 39. Nb7 1-0

[Event "13th Asian Continental 2014"]
[Site "Sharjah UAE"]
[Date "2014.04.25"]
[Round "9.19"]
[White "Akshat, Khamparia"]
[Black "Gao, Rui"]
[Result "0-1"]
[WhiteTitle "IM"]
[BlackTitle "GM"]
[WhiteElo "2374"]
[BlackElo "2484"]
[WhiteFideId "5016541"]
[BlackFideId "8602387"]
[EventDate "2014.04.17"]

1. d4 Nf6 2. c4 c5 3. d5 e6 4. Nc3 exd5 5. cxd5 d6 6. Nf3 g6 7. Bf4 Bg7 8. Qa4+
Bd7 9. Qb3 Qc7 10. e4 O-O 11. Be2 Bg4 12. O-O Qe7 13. Rfe1 Nbd7 14. Nd2 Bxe2 15.
Rxe2 Nh5 16. Be3 b5 17. f3 Rfb8 18. g4 Nhf6 19. Rf1 Ne5 20. h3 c4 21. Qc2 Nfd7
22. f4 Nd3 23. Nxb5 Rxb5 24. Qxc4 Rxb2 25. Qxd3 Rxa2 26. Bf2 Rc8 27. e5 dxe5 28.
d6 Qd8 29. Rfe1 Rcc2 30. Nf3 Rxe2 31. Rxe2 Rxe2 32. Qxe2 exf4 33. Qe4 a5 34. Nd4
Qb8 35. Qc6 Ne5 36. Qd5 a4 37. Nc6 Qb1+ 38. Kh2 Nxc6 39. Qxc6 Bf6 40. g5 Bxg5
41. Bd4 Qb8 42. Qd5 Bh4 43. Be5 a3 44. d7 Qd8 45. Bd4 Qc7 46. Bf2 f3+ 47. Kh1 a2
48. Qxa2 Bxf2 0-1

[Event "13th Asian Continental 2014"]
[Site "Sharjah UAE"]
[Date "2014.04.25"]
[Round "9.20"]
[White "Xu, Yinglun"]
[Black "Debashis, Das"]
[Result "1/2-1/2"]
[BlackTitle "GM"]
[WhiteElo "2381"]
[BlackElo "2504"]
[WhiteFideId "8604940"]
[BlackFideId "5024854"]
[EventDate "2014.04.17"]

1. d4 Nf6 2. c4 e6 3. Nc3 Bb4 4. e3 O-O 5. Bd2 d5 6. a3 Be7 7. Nf3 c5 8. dxc5
Bxc5 9. Rc1 Nc6 10. cxd5 exd5 11. Bb5 Bd6 12. h3 Qe7 13. Ne2 Bd7 14. Bc3 Rfd8
15. O-O a6 16. Ba4 Rac8 17. Bb3 Be6 18. Bd4 Bb8 19. Qd3 h6 20. Rfd1 Nxd4 21.
Qxd4 Rxc1 22. Rxc1 Bf5 23. Qb6 Be4 24. Ned4 h5 25. Bd1 Qd7 26. Qc5 Bg6 27. Ng5
Bd6 28. Qa5 Rc8 29. Rxc8+ Qxc8 30. Qd2 Bb8 31. Bc2 Ne4 32. Nxe4 dxe4 33. Ne2 h4
34. Bb3 Qc7 35. Nf4 Bf5 36. Qc2 Qe7 37. Kf1 Bxf4 38. exf4 Qd6 39. Qc4 Be6 40.
Qc3 Bxb3 41. Qxb3 Qd2 42. Qc3 Qd1+ 43. Qe1 Qd3+ 44. Kg1 Qc2 45. b4 Qd3 46. Qc1
Kh7 47. Qc5 1/2-1/2

[Event "13th Asian Continental 2014"]
[Site "Sharjah UAE"]
[Date "2014.04.25"]
[Round "9.22"]
[White "Fang, Yan"]
[Black "Shyam, Sundar M."]
[Result "1/2-1/2"]
[BlackTitle "GM"]
[WhiteElo "2323"]
[BlackElo "2481"]
[WhiteFideId "8604746"]
[BlackFideId "5019141"]
[EventDate "2014.04.17"]

1. e4 e5 2. Nf3 Nc6 3. Bb5 a6 4. Ba4 Nf6 5. O-O Be7 6. Re1 b5 7. Bb3 d6 8. c3
O-O 9. d4 Bg4 10. d5 Na5 11. Bc2 c6 12. h3 Bc8 13. dxc6 Qc7 14. Nbd2 Qxc6 15.
Nf1 Be6 16. Ng5 Bd7 17. Ne3 h6 18. Nf3 Rfe8 19. Nh4 Be6 20. Nhf5 Bf8 21. Qf3 Nh7 1/2-1/2

[Event "13th Asian Continental 2014"]
[Site "Sharjah UAE"]
[Date "2014.04.25"]
[Round "9.23"]
[White "Vishnu Prasanna, V"]
[Black "Ayyad, Maher"]
[Result "1-0"]
[WhiteTitle "GM"]
[BlackTitle "FM"]
[WhiteElo "2465"]
[BlackElo "2161"]
[WhiteFideId "5030692"]
[BlackFideId "11200235"]
[EventDate "2014.04.17"]

1. c4 e6 2. g3 d5 3. Bg2 Nf6 4. Nf3 c6 5. O-O Nbd7 6. Qc2 Bd6 7. d4 O-O 8. Nc3
Re8 9. Rd1 Qe7 10. b3 dxc4 11. bxc4 e5 12. e3 exd4 13. exd4 c5 14. Nb5 Bb8 15.
Ba3 a6 16. Nc3 Bd6 17. Re1 Qf8 18. Rxe8 Qxe8 19. Re1 Qf8 20. Ng5 g6 21. Nd5 Rb8
22. dxc5 Bxc5 23. Bb2 Qd6 24. Qc3 1-0

[Event "13th Asian Continental 2014"]
[Site "Sharjah UAE"]
[Date "2014.04.25"]
[Round "9.24"]
[White "Mamyrbay, Assad"]
[Black "Munkhgal, Gombosuren"]
[Result "0-1"]
[BlackTitle "IM"]
[WhiteElo "2017"]
[BlackElo "2424"]
[WhiteFideId "13708880"]
[BlackFideId "4901266"]
[EventDate "2014.04.17"]

1. e4 e6 2. d4 d5 3. Nc3 Nf6 4. e5 Nfd7 5. f4 c5 6. Nf3 Nc6 7. Be3 Be7 8. dxc5
Bxc5 9. Qd2 Qa5 10. O-O-O O-O 11. Kb1 Rd8 12. Bxc5 Nxc5 13. Qe3 a6 14. g4 Na4
15. Nxa4 Qxa4 16. Nd4 Bd7 17. Rg1 Rac8 18. Rg2 Nxd4 19. Rxd4 Qa5 20. a3 Bb5 21.
Bd3 Qb6 22. f5 Bxd3 23. Qxd3 Qb5 24. Qd2 exf5 25. gxf5 Qf1+ 26. Ka2 Qxf5 27.
Rxd5 Rxd5 28. Qxd5 b5 29. Qd6 a5 30. Qa6 Qe6+ 31. Qxe6 fxe6 32. Kb3 Rc5 33. Re2
Kf7 34. c3 Rc4 35. Kc2 a4 36. Kd3 g5 37. Rf2+ Ke7 38. Rg2 h6 39. Ke3 Rh4 40. Rd2
h5 41. Rg2 Kd7 42. Kf3 Rh3+ 43. Ke4 Kc6 44. Rd2 Kc5 45. Re2 Rh4+ 46. Kf3 Kd5 47.
Rg2 Rh3+ 48. Kf2 g4 49. Kg1 Re3 50. Rd2+ Kxe5 51. Kf2 Rf3+ 52. Kg2 h4 53. Rd8
h3+ 54. Kg1 g3 55. hxg3 Rxg3+ 56. Kh2 Rg2+ 57. Kxh3 Rxb2 58. Rb8 Kf4 0-1

[Event "13th Asian Continental 2014"]
[Site "Sharjah UAE"]
[Date "2014.04.25"]
[Round "9.25"]
[White "Abdyjapar, Asyl"]
[Black "Chahrour, Ibrahim"]
[Result "0-1"]
[WhiteTitle "IM"]
[BlackTitle "FM"]
[WhiteElo "2406"]
[BlackElo "2079"]
[WhiteFideId "13800337"]
[BlackFideId "5301653"]
[EventDate "2014.04.17"]

1. c4 e5 2. Nc3 d6 3. Nf3 f5 4. d4 e4 5. Ng5 Be7 6. Nh3 Nf6 7. e3 c6 8. Nf4 O-O
9. h4 Na6 10. Be2 Nc7 11. d5 a5 12. Bd2 Bd7 13. Qc2 Na6 14. f3 Nc5 15. O-O-O Qb6
16. Kb1 Rfc8 17. Rdg1 Na6 18. fxe4 Nb4 19. Qb3 a4 20. Nxa4 Rxa4 21. Qxa4 c5 22.
Qd1 Nxe4 23. a3 Ra8 24. Bf3 Rxa3 25. bxa3 Nd3+ 26. Kc2 Nef2 27. Bc3 Nxd1 28.
Bxd1 Nf2 29. Kc1 Qa6 30. Kb2 Ne4 31. Bb3 Nxc3 32. Kxc3 Qxa3 33. Nd3 Ba4 34. Rb1
Bf6+ 35. Kc2 Qa2+ 0-1

[Event "13th Asian Continental 2014"]
[Site "Sharjah UAE"]
[Date "2014.04.25"]
[Round "9.26"]
[White "Khader, Sami"]
[Black "Raes, Abdul Kader"]
[Result "1-0"]
[WhiteTitle "IM"]
[WhiteElo "2356"]
[BlackElo "2248"]
[WhiteFideId "8100500"]
[BlackFideId "7600801"]
[EventDate "2014.04.17"]

1. d4 Nf6 2. c4 g6 3. Nc3 Bg7 4. e4 d6 5. Bd3 e5 6. d5 a5 7. Nge2 Na6 8. Ng3 Bd7
9. h4 h5 10. Bg5 Bh6 11. Bxh6 Rxh6 12. Bc2 Nc5 13. Qd2 Rh7 14. O-O-O Qe7 15. Nf1
b6 16. f3 Ng8 17. Ne3 Nh6 18. Rdg1 O-O-O 19. a3 a4 20. Ned1 Kb7 21. Nf2 Ra8 22.
Nd3 Ra5 23. Nb4 Ng8 24. Kb1 Rh8 25. g4 hxg4 26. fxg4 Rxh4 27. Nc6 Bxc6 28. dxc6+
Kxc6 29. Rxh4 Qxh4 30. Qd5+ Kd7 31. Qxf7+ Ne7 32. Nd5 Kd8 33. Qf8+ Kd7 34. Rf1
Ne6 35. Nf6+ Kc6 36. Qxe7 Qh3 37. Rc1 Nf4 38. Ne8 Ra7 39. Bxa4+ Kc5 40. Rd1 Qxg4
41. Nxd6 1-0